La Mongolie pour les touristes... - Facile - Statistiques

Statistiques générales
  • Ce quiz a été pris 14 fois
  • Le résultat moyen est 6 sur 20
Statistiques - réponses
Question Indice Réponses Indice facile % Correct
Quelle est la langue officielle ? Mongol
100%
Quelles sont les principaux lieux touristiques ? G Désert de {Gobi} BIGO
73%
Combien d'heures (environ) mettrez-vous pour vous y rendre ? (en chiffres) 10
55%
Quel est le climat local ? C Continental
55%
Dans la capitale quel est le décalage horaire avec Paris ? (+ ou - et chiffre) ex - 10 ou + 3,5 + 6
45%
La religion majoritaire est Bouddhisme B
45%
Le suffixe internet est mn
45%
Le principal aéroport est Oulan Bator
36%
Achats à faire 3/ Chaussures en... Cachemire AMCIEERHC
27%
Code sur les plaques minéralogiques MGL
27%
Achats à faire 1/ Statuette de Bouddha B
18%
Achats à faire 2/ Couteau de... (pour les chevaux) Chaleur RAELUHC
18%
Quelle est la monnaie ? Tugrik T
18%
Comment se nomme la principale compagnie aérienne locale M M A MIAT Mongolian Airlines EOMNROAASNLIMTLNIIIAG
9%
Achats à faire 4/ Instrument de musique Morin Khuur MIUROHURNK
9%
Quelles sont les principaux lieux touristiques ? T Province de {Tov} YOT
9%
Quelles sont les principaux lieux touristiques ? K {Karakorum} MAOUARRKK
0%
Quelles sont les principaux lieux touristiques ? A Monastère d'{Amarbayasgalant} YRBTAASGAMANAAL
0%
Quelles sont les principaux lieux touristiques ? K Parc naturel de {Khorgo} ORKOHG
0%
Quel est le régime du pays ? R S République Semi-présidentielle
0%
Aucun quiz correspondant
Distribution des résultats
% des personnes avec chaque résultat
Percentile par nombre de réponses
Votre historique - résultats
Vous n’avez pas pris ce quiz